000 00570nam a22001937a 4500
003 LK-CoMWRAF
008 230831b2016 |||||||| |||| 00| 0 eng d
040 _aLK-CoMWRAF
_dLK-CoMWRAF
_eLK-CoMWRAF
041 _aeng
082 _a305.42
_bNAT
111 _aFIFTEENTH NATIONAL CONVENTION ON WOMEN'S STUDIES
_c(Colombo
_dDecember, 2016)
245 _aGender based violence
260 _a Colombo:
_bCenter for women's research,
_c2016
300 _a61 p. ; 20 cm
490 _aDocument series
_v84
650 _aFEMINISM
650 _aViolence, gender based
942 _cCP
999 _c3330
_d3330